Geography groups of three by clue - Statistics

General Stats
  • This quiz has been taken 428 times
  • The average score is 18 of 27
Answer Stats
Clue Answer % Correct
The three major oceans Pacific Ocean
99%
The three major oceans Atlantic Ocean
98%
Capital cities on the Nile Cairo
97%
The three major oceans Indian Ocean
95%
North American megacities (pop. 10M+) New York City
95%
Countries with more than 1000 inhabited islands Indonesia
92%
North American megacities (pop. 10M+) Los Angeles
91%
U.S states that border California Arizona
87%
U.S states that border California Nevada
87%
U.S states that border California Oregon
85%
Countries on the Lake Victoria Tanzania
76%
Countries on the Lake Victoria Uganda
75%
Countries on the Lake Victoria Kenya
74%
Countries with more than 1000 inhabited islands Philippines
73%
Australian states/territories having "Australia" in their name Western Australia
73%
North American megacities (pop. 10M+) Mexico City
70%
Australian states/territories having "Australia" in their name South Australia
65%
Capital cities on the Nile Khartoum
62%
Island nations connected to the mainland by manmade structures United Kingdom
57%
Island nations connected to the mainland by manmade structures Singapore
52%
Island nations connected to the mainland by manmade structures Bahrain
51%
Capital cities on the Nile Juba
50%
Countries with more than 1000 inhabited islands Norway
37%
Australian states/territories having "Australia" in their name Australian Capital Territory
33%
Russian 1M+ cities in Asia* Novosibirsk
22%
Russian 1M+ cities in Asia* Omsk
17%
Russian 1M+ cities in Asia* Krasnoyarsk
8%
No matching quizzes found
Score Distribution
Percent of People with Each Score
Percentile by Number Answered
Your Score History
You have not taken this quiz